Green Roof's Project - Environmental Solution for the People and the Company

Formulácia problému a metodológia. Riešenie problému vytvorením zdieľanej hodnoty na príklade "Green Roof" projektov.

Enregistré dans:
Détails bibliographiques
Auteur principal: Zorkóciová, Otília, 1954-
Autres auteurs: Palušková, Hana
Format: Chapitre de livre
Langue:anglais
Sujets:
Tags: Ajouter un tag
Pas de tags, Soyez le premier à ajouter un tag!

MARC

LEADER 00000naa$a2200000$$$4500
001 0254549
005 20240502083727.7
041 0 |a eng 
044 |a LV 
245 1 0 |a Green Roof's Project - Environmental Solution for the People and the Company  |c Otília Zorkóciová, Hana Palušková 
520 |a Formulácia problému a metodológia. Riešenie problému vytvorením zdieľanej hodnoty na príklade "Green Roof" projektov. 
610 2 0 |a prostredie životné 
610 2 0 |a environmentalistika 
610 2 0 |a spotreba energie 
100 1 |a Zorkóciová, Otília, 1954- 
700 1 |a Palušková, Hana